Italian Pasta Shapes - Sudden Death - Statistics

General Stats
  • This quiz has been taken 222 times
  • The average score is 11 of 17
Answers on the Grid
Answers color-coded by a green-red scale on the quiz's grid according to % correct below.
Agliata
Arancini
Bucatini
Calamari
Cannelloni
Farfalle
Fegatelli
Fusilli
Grissino
Lampredotto
Lasagna
Linguine
Macaroni
Orecchiette
Orzo
Panzerotto
Pappardelle
Penia
Penne
Pici
Rollatini
Rossini
Rotelle
Spaghetti
Taleggio
Tortellini
Vermicelli
Ziti
 
Answer Stats
Answer % Correct
Spaghetti
90%
Penne
86%
Tortellini
86%
Macaroni
85%
Linguine
84%
Lasagna
83%
Fusilli
80%
Farfalle
77%
Cannelloni
66%
Pappardelle
62%
Vermicelli
62%
Bucatini
55%
Ziti
55%
Orecchiette
52%
Orzo
47%
Rotelle
39%
Pici
27%
No matching quizzes found
Score Distribution
Percent of People with Each Score
Percentile by Number Answered
Your Score History
You have not taken this quiz